Vzťah životného poistenia a sporenia v portfóliu aktív domácností diplomová práca

Na minha lista:
Detalhes bibliográficos
Autor principal: Kračunová, Nikola
Autor Corporativo: Národohospodárska fakulta EU. Katedra poisťovníctva
Outros Autores: Brokešová, Zuzana, 1985-
Formato: Livro
Idioma:eslovaco
Publicado em: Bratislava 2018
Tags: Adicionar Tag
Sem tags, seja o primeiro a adicionar uma tag!

MARC

LEADER 00000nbm a2200000 4500
001 0244409
005 20181126094955.2
041 0 |a slo 
044 |a SK 
245 1 0 |a Vzťah životného poistenia a sporenia v portfóliu aktív domácností  |b diplomová práca  |c Nikola Kračunová ; školiteľ: Zuzana Brokešová 
264 1 |a Bratislava  |c 2018 
300 |a 66 s. 
100 1 |a Kračunová, Nikola 
700 1 |a Brokešová, Zuzana, 1985- 
710 2 |a Národohospodárska fakulta EU. Katedra poisťovníctva